000 00666nam a2200229Ia 4500
003 OSt
005 20220928140150.0
006 a|||||r|||| 00| 0
007 ta
008 220927b |||||||| |||| 00| 0 eng d
024 _a7107
037 _cTextual
040 _aSDCL
_cSDCL
_beng
041 _2eng
_aeng
082 _aX:5381, P7
100 _aAgarwal Manmohan Ed.
_9494312
245 0 _aGlobalization and the millennium development goals
_b Negotiating the challenge
260 _c2007
700 _a Ray Amit Shovon Ed.
_9494313
942 _hX:5381, P7
_cTEXL
_2CC
999 _c810218
_d810218